Labirynt teatru
| Titel: | Labirynt teatru / Arnold Szyfman |
|---|---|
| Verfasser: | |
| Veröffentlicht: | Warszawa : Wydawn. Artystyczne i Filmowe, 1964 |
| Umfang: | 300 S. : Ill. |
| Format: | Buch |
| Sprache: | Polnisch |
| RVK-Notation: |
·
|
X
alg: 19167717 001A $03004:07-11-07 001B $01999:03-06-23 $t02:42:22.000 001C $03004:07-11-07 $t15:44:39.000 001D $03004:07-11-07 001U $0utf8 001X $00 002@ $0Aau 003@ $0191677175 003O $012934128 $aOCoLC 007A $0191677175 $aHEB 007T $0Herdhh191677175 010@ $apol 011@ $a1964 021A $aLabirynt teatru $hArnold Szyfman 028A $#Schiffmann, Arnold S. $7119102838 $8Szyfman, Arnold$Z1882-1967 [Tp1] $908744304X 033A $pWarszawa $nWydawn. Artystyczne i Filmowe 034D $a300 S. 034M $aIll. 045F $a791.409438 $eDDC23BSB 045F/01 $a791.409 045F/03 $g438 045G $a792.09438 $eDDC23BSB 045G/01 $a792 045G/03 $g438 045Z $8AP 64949 [Tkv] $9407335919 045Z $8KP 1045 [Tkv] $9409266051 lok: 19167717 24 101B $007-11-07 $t15:44:39.000 101C $007-11-07 101U $0utf8 145Z/01 $a32 15 K 145Z/02 $a2 S 626 exp: 19167717 24 1 #EPN 201B/01 $007-11-07 $t15:44:39.000 201C/01 $007-11-07 201U/01 $0utf8 203@/01 $0510621805 208@/01 $a07-11-07 $br 209A/01 $a32 XV K 38 $du $f050 $h32 15 K 38 $x00 209C/01 $a862 K 65 $h65 0862 K 209G/01 $a71987868 $x00 220C/01 $agro 247C/01 $8358050-7Marburg, Bibliothek des Herder-Instituts Marburg $9102600961 lok: 19167717 78 exp: 19167717 78 1 #EPN 201B/01 $019-04-17 $t21:05:23.000 201U/01 $0utf8 203@/01 $0793254175 208@/01 $a12-11-16 $be 209A/01 $a/ $f000 $x00 237A/01 $aweiterführende Signatur(en): Herder-Institut: 32 XV K 38 244Z/01 $2Trx $#Poola $#Lenkija $#Polija $#Polen Land $#Poland $#Lengyelország $#Poľsko $#Polsko $8--Trx--Polska$gkraj $x01 $9391345966 244Z/01 $2Trx $8--Trx--Monographie $x02 $9391384546 245Z/01 $a11.12 $x01 247C/01 $82080>Marburg/Lahn, Herder-Institut, Forschungsbibliothek, Bibliographieportal $9336309341
| LEADER | 00000cam a2200000 c 4500 | ||
|---|---|---|---|
| 001 | 191677175 | ||
| 003 | DE-603 | ||
| 005 | 20230603024222.0 | ||
| 007 | tu | ||
| 008 | 071107s1964 xx |||| | u00||u|pol c | ||
| 035 | |a (DE-599)HEB191677175 | ||
| 035 | |a (OCoLC)12934128 | ||
| 040 | |a DE-603 |b ger |c DE-603 |d DE-603 | ||
| 041 | |a pol | ||
| 082 | 0 | 4 | |8 1\u |a 791.409438 |q DE-101 |2 23/BSB |
| 083 | 0 | |8 2\u |a 792.09438 |q DE-101 |2 23/BSB | |
| 084 | |a AP 64949 |0 (DE-625)7835:708 |0 (DE-603)407335919 |2 rvk | ||
| 084 | |a KP 1045 |0 (DE-625)80879: |0 (DE-603)409266051 |2 rvk | ||
| 085 | |8 1\u |b 791.409 | ||
| 085 | |8 1\u |z 2 |s 438 | ||
| 085 | |8 2\u |b 792 | ||
| 085 | |8 2\u |z 2 |s 438 | ||
| 100 | 1 | |a Szyfman, Arnold |d 1882-1967 |0 (DE-603)08744304X |0 (DE-588)119102838 |2 gnd | |
| 245 | 0 | 0 | |a Labirynt teatru |c Arnold Szyfman |
| 264 | 1 | |a Warszawa |b Wydawn. Artystyczne i Filmowe |c 1964 | |
| 300 | |a 300 S. |b Ill. | ||
| 924 | 0 | |9 Mb 50 |a (DE-603)510621805 |b DE-Mb50 |c HES |d c |g 32 XV K 38 | |
| 924 | 0 | |9 2080 |a (DE-603)793254175 |b DE-2080 |c HES |d d |g / | |


